000 00640nam a2200193Ii 4500
003 JO-AjNU
008 230605s9999||||xx |||||||||||||| ||und||
040 _aJO-AjNU
_bara
_erda
_cJO-AjNU
041 _aara
050 1 4 _a RC341.M8 1971
100 3 _aفراج ، محمد فرغلي,
_eauthor
_920946
245 0 0 _aمرضى النفس في تطرفهم واعتدالهم
264 3 1 _aالقاهرة:الهيئة المصرية للكتاب ، 1971
300 _a199ص
336 _atext
_btxt
_2rdacontent
337 _aunmediated
_bn
_2rdamedia
338 _avolume
_bnc
_2rdacarrier
650 4 _aالامراض النفسية
_920947
999 _aA7194
_c10762
_d10762